Podnikateľský plán podniku bakalárska práca

Salvato in:
Dettagli Bibliografici
Autore principale: Poláková, Zdenka
Ente Autore: Fakulta podnikového manažmentu EU. Katedra podnikovohospodárska
Altri autori: Kardoš, Peter
Natura: Libro
Lingua:slovacco
Pubblicazione: Bratislava 2010
Tags: Aggiungi Tag
Nessun Tag, puoi essere il primo ad aggiungerne!!

MARC

LEADER 00000nbm a2200000 4500
001 0133404
005 20161109111524.7
041 0 |a slo 
044 |a SK 
245 1 0 |a Podnikateľský plán podniku  |b bakalárska práca  |c Zdenka Poláková ; školiteľ: Peter Kardoš 
264 1 |a Bratislava  |c 2010 
300 |a 53 s. 
100 1 |a Poláková, Zdenka 
700 1 |a Kardoš, Peter 
710 2 |a Fakulta podnikového manažmentu EU. Katedra podnikovohospodárska